00881 2200313 4500001002100000005001500021035002000036007000300056008004100059040001700100100001600117245011300133250000900246300003700255020002200292041000800314082001100322084001700333090002300350260003200373520002100405600000900426700002600435850001000461990002400471990002400495990002400519990002400543INLIS00000000000269720260601075604 a0010-0620000070ta260601 g m ind  aSBPUPADbInd0 aAnwar Kasim1 aCara mudah menyamak kulit kambing :bCara mudah menyamak kulit kambing /cAnwar Kasim; Editor: Arie Pramesta aEd.1 a73 hlm. :bilus. ;c21 cme57-61 a978-979-29-6899-60 aInd a675.23 a675.23 ANW c a675.23 ANW c T15-4 a--Yogyakarta :bAndi,c2018 aindeks hal 67-73 4aumum0 aEditor: Arie Pramesta aPUPAD a33.219/DAK/DPK/2019 a33.218/DAK/DPK/2019 a33.221/DAK/DPK/2019 a33.220/DAK/DPK/2019